Εισαγωγή στη διδακτική των φυσικών επιστημών

Αποθηκεύτηκε σε:
Λεπτομέρειες βιβλιογραφικής εγγραφής
Κύριος συγγραφέας: Ραβάνης, Κώστας
Μορφή: Βιβλίο
Γλώσσα:Greek
Δημοσίευση: Αθήνα : Νέες Τεχνολογίες, c2003.
Θέματα:
Ετικέτες: Προσθήκη ετικέτας
Δεν υπάρχουν, Καταχωρήστε ετικέτα πρώτοι!

MARC

LEADER 00000cam a2200000 i 4500
001 1/45609
008 140409s2003 gr | ||| |||| ||gre||
020 |a 9608105501 
035 |l 10117331 
040 |a GR-MY-UA  |b gre  |e aacr 
041 0 |a gre 
082 7 |a 372.357   |2 (23) 
100 1 |a Ραβάνης, Κώστας. 
245 1 0 |a Εισαγωγή στη διδακτική των φυσικών επιστημών /   |c Κώστας Ραβάνης.  
260 |a Αθήνα :   |b Νέες Τεχνολογίες,   |c c2003.  
300 |a 134 σ. ;   |c 24 εκ. 
504 |a Περιλαμβάνει βιβλιογραφικές παραπομπές.  
650 0 0 |a Physics  |x Study and teaching (Elementary) 
650 0 0 |a Physics  |x Study and teaching. 
852 |a INST  |b RHODES  |c EUDOXUS  |e 20140409  |h 372.357 ΡΑΒ  |p 005400036356  |q 005400036356  |t EDX  |y 0 
901 |a BIBL4-2014-1 
909 |a Ρ  |b 182861 
920 |a ΕΥΔΟΞΟΣ  |b ΕΠΙΣΤΡΟΦΗ  |y Ρόδος  |z 2014-04 
922 |a 4ΕΛΗ 
970 |z 2014/04/09